| 000 | 00499nam a22001697a 4500 | ||
|---|---|---|---|
| 003 | OSt | ||
| 008 | 250113b |||||||| |||| 00| 0 eng d | ||
| 020 | _a81-8014-044-X | ||
| 041 | _aeng | ||
| 082 |
_a630 _bSAH/EL |
||
| 100 |
_aJagadishwar Sahay _9880 |
||
| 245 | _aElements of Agricultural Engineering [Farm Power, Farm Machinery, Farm Processing, Farm Electricity] | ||
| 250 | _a4th Reprint | ||
| 260 |
_aDelhi: _bStandard Publishers & Distributors, _c2010. |
||
| 300 | _a461pages. | ||
| 942 | _cBK | ||
| 999 |
_c19025 _d19025 |
||